Normal view
MARC view
- Snepp, Alison Dynes, Cecily
Entry Personal Name
001 - CONTROL NUMBER
- control field: 79650
003 - CONTROL NUMBER IDENTIFIER
- control field: NUST
005 - DATE AND TIME OF LATEST TRANSACTION
- control field: 20210628210512.0
008 - FIXED-LENGTH DATA ELEMENTS
- fixed length control field: 210628|| aca||aabn | a|a d
040 ## - CATALOGING SOURCE
- Original cataloging agency: NUST
- Transcribing agency: NUST
100 ## - HEADING--PERSONAL NAME
- Personal name: Snepp, Alison Dynes, Cecily
670 ## - SOURCE DATA FOUND
- Source citation: Work cat.: (NUST): Snepp, Alison Dynes, Cecily, Babies names and embroidery, 1993
